| 000 | 01150njm a2200277Ia 4500 | ||
|---|---|---|---|
| 001 | 23768 | ||
| 003 | IT-RoPAU | ||
| 005 | 20220918181202.0 | ||
| 008 | 131025s9999 xx 000 0 und d | ||
| 040 | _aIT-RoPAU | ||
| 040 | _cIT-RoPAU | ||
| 999 |
_c103126 _d103126 |
||
| 999 | _bn.d. | ||
| 100 |
_aStrauss Johann Jr. _95717 |
||
| 100 |
_eAutore musica _95718 |
||
| 100 |
_gCodice autore musica SPICS: 11164 _95719 |
||
| 245 | _aVienna Imperial-New Year's Concert 1970 (Lp Sxl 6419) | ||
| 250 | _a1a ed. | ||
| 260 | _aLONDON | ||
| 260 |
_bDECCA RECORD COMPANY _c1970 [1a Ed.:1970] |
||
| 300 | _aDISCO | ||
| 500 | _aMusica classica. Valzer | ||
| 505 | _aFranz Josef I, Jubel Marsch op. 126 (Arr. Sandauer) - Lagunen Walzer op. 411 - Orpheus Quadrille op. 236 (Arr. Sandauer) - Schneeglockchen Walzer op. 143 (Arr. Sandauer) - Waldmeister-Overture - S'Gibt Nur a Kaiserstadt, S'Gibt Nur a Wien. Polka op. 291 - So Angstlich Sind Wir Nicht. Polka Schnell op. 413 - Orpheus Quadrille op. 236 (Arr. Sandauer) | ||
| 511 | _aThe Vienna Philarmonic Orchestra diretta da Boskovsky Willi | ||
| 650 |
_aVALZER [DISCHI] _eCodice MATERIA SPICS: 9950 _95720 |
||
| 942 |
_cMD _2ddc |
||